Sanat - "Sirkus" - Shrty - Statistics

Yleistilastot
  • Tätä visaa on pelattu 18 kertaa
  • Keskiarvotulos 114 / 194
Vastaustilastot
Vastaus % Oikein
no
100%
oh
100%
u-wo-oo-o-oo-oo
100%
wow
100%
oo
86%
Oon
86%
oon
86%
se
86%
sirkus
86%
kun
79%
79%
mut
79%
79%
tää
79%
sua
71%
tarvii
71%
ja
64%
kunnes
64%
kyllä
64%
laskenu
64%
laskenut
64%
mun
64%
pelle
64%
sekunteja
64%
tiiän
64%
yksitellen
64%
en
57%
luo
57%
olla
57%
saavut
57%
sen
57%
taas
57%
mua
50%
osaan
50%
et
43%
sut
43%
asti
36%
ei
36%
joka
36%
klovni
36%
nauramaan
36%
siitä
36%
tunnistanu
36%
lähdit
29%
olin
29%
sai
29%
äskettäin
21%
Katoin
21%
mietin
21%
sulle
21%
beibi
14%
ennen
14%
kamerarullaani
14%
näin
14%
siks
14%
viel
14%
aikaa
7%
auta
7%
hetki
7%
hukkaa
7%
jäi
7%
kipuani
7%
mikä
7%
miten
7%
muistelen
7%
nauraa
7%
piti
7%
sitä
7%
skrollaa
7%
kaikkee
0%
sain
0%
Ehtoja vastaavia visoja ei löytynyt
Tulosjakauma
Jokaisen tuloksen saaneiden osuus
Persentiili vastausten määrän mukaan
Tuloshistoriasi
Et ole pelannut tätä visaa